| 000 | 00831nas a2200253Ia 4500 | ||
|---|---|---|---|
| 001 | R452/46731 | ||
| 003 | IT-RoPAU | ||
| 008 | 151124c99999999xx |||||||||||| ||und|| | ||
| 040 | _aIT-RoPAU | ||
| 040 | _cIT-RoPAU | ||
| 041 | _aITALIANO | ||
| 100 |
_aSchiatti Lamberto _gCodice Aut. SPICS: 1497 |
||
| 210 | _aVITA PASTORALE | ||
| 222 | _aVita Pastorale | ||
| 245 |
_aVITA PASTORALE, ANNO 73-N.07 (LUGLIO 1985) _bC'Era Una Volta la Vendemmia Del Diavolo |
||
| 250 | _a1a ed. | ||
| 260 |
_aMILANO _bSOCIETA' S. PAOLO GRUPPO PERIOD. _c1985 |
||
| 501 |
_bPaulus - SPICS - Società San Paolo EM (non-commercial uses only) _cCopyright2015 |
||
| 300 | _a4 p. [79-82] | ||
| 362 | _aANNO 073, N.07 (LUGLIO 1985) | ||
| 500 | _aCampi Scuola a Sfondo Vocazionale. | ||
| 650 |
_aPASTORALE _vPUBBLICAZIONE PERIODICA |
||
| 942 | _cCR | ||
| 999 |
_c177151 _d177151 |
||